LIBRARY & INFORMATION CENTRE, KCAET, TAVANUR

ONLINE PUBLIC ACCESS CATALOGUE (OPAC)

Hydraulics / (Record no. 1681)

MARC details
000 -LEADER
fixed length control field 00478cam a2200205ua 4500
041 ## - LANGUAGE CODE
Language code of text/sound track or separate title eng
082 ## - DEWEY DECIMAL CLASSIFICATION NUMBER
Classification number 532
Item number JAG/HY
100 ## - MAIN ENTRY--AUTHOR NAME
Personal name Jogdish, Lal .
245 ## - TITLE STATEMENT
Title Hydraulics /
250 ## - EDITION STATEMENT
Edition statement 3 /
260 ## - PUBLICATION, DISTRIBUTION, ETC. (IMPRINT)
Place of publication Delhi :
Name of publisher Metropolitan book co.pvt Ltd ,
Year of publication 1961.
300 ## - PHYSICAL DESCRIPTION
Number of Pages 450 ; .
942 ## - ADDED ENTRY ELEMENTS (KOHA)
Koha item type Books
Holdings
Withdrawn status Lost status Damaged status Home library Current library Date acquired Full call number Accession Number Koha item type
      KAUAET KAUAET 07/04/2012 532 1830 Books
      KAUAET KAUAET 07/04/2012 532 12257 Books
Withdrawn     KAUAET KAUAET 07/04/2012 532 9891 Books
free website counter